Freud en la actualidad (Record no. 65468)

MARC details
000 -LEADER
campo de control de longitud fija 00855nam a2200241 i 4500
001 - NÚMERO DE CONTROL
campo de control 65468
003 - IDENTIFICADOR DE NÚMERO DE CONTROL
campo de control ES-MaACL
005 - FECHA Y HORA DE LA ÚLTIMA TRANSACCIÓN
campo de control 20240228185850.0
007 - CAMPO FIJO DE DESCRIPCIÓN FÍSICA--INFORMACIÓN GENERAL
campo de control de longitud fija t|
008 - DATOS DE LONGITUD FIJA--INFORMACIÓN GENERAL
campo de control de longitud fija 040114s1971 sp ||||1| spa d
100 1# - ENTRADA PRINCIPAL--NOMBRE DE PERSONA
Nombre de persona Freud, Sigmund,
Fechas asociadas al nombre 1856-1939
9 (RLIN) 52547
245 10 - MENCIÓN DEL TÍTULO
Título Freud en la actualidad
Resto del título : ciclo de conferencias /
Mención de responsabilidad, etc. Sigmund Freud ; edición de Theodor W. Adorno y Walter Dirks ; [traducción de J.M. Pomares Olivares].
250 ## - MENCION DE EDICION
Mención de edición [1ª ed.].
260 ## - PUBLICACIÓN, DISTRIBUCIÓN, ETC.
Lugar de publicación, distribución, etc. [Barcelona] :
Nombre del editor, distribuidor, etc. Barral,
Fecha de publicación, distribución, etc. [1971]
300 ## - DESCRIPCIÓN FÍSICA
Extensión 574 p. ;
Dimensiones 19 cm.
500 ## - NOTA GENERAL
Nota general Precede al tít.: Institut für Sozialforschung.
700 1# - ENTRADA AGREGADA--NOMBRE PERSONAL
Nombre de persona Adorno, Theodor W.
9 (RLIN) 18468
700 1# - ENTRADA AGREGADA--NOMBRE PERSONAL
Nombre de persona Dirks, Walter.
9 (RLIN) 44869
700 0# - ENTRADA AGREGADA--NOMBRE PERSONAL
Nombre de persona Pomares, José M.,
Fechas asociadas al nombre 1943-
9 (RLIN) 92903
710 2# - ENTRADA AGREGADA--NOMBRE DE ENTIDAD CORPORATIVA
Nombre de entidad corporativa o nombre de jurisdicción como elemento de entrada Institut für Sozialforschung.
9 (RLIN) 4759
852 ## - LOCALIZACIÓN
Ubicación ES-MaACL
Número de control de estantería C-39239
Sublocalización o colección R.76459
Holdings
Estatus retirado Estado de pérdida Estado de daño No para préstamo Biblioteca de origen Biblioteca actual Ubicación en estantería Fecha de adquisición Fuente de adquisición Total de préstamos Signatura topográfica completa Código de barras Visto por última vez Precio de reemplazo Tipo de ítem Koha
        Biblioteca del Ateneo de Madrid Biblioteca del Ateneo de Madrid Depósito 2 17/01/2008     C-39239 1068592 23/02/2023 23/02/2023 Libro impreso